Hypersexuality and headscarves : race, sex and citizenship in the New Germany
Saved in:
| Main Author: | |
|---|---|
| Format: | Book |
| Language: | English |
| Published: |
Bloomington :
Indiana University Press,
c2012.
|
| Series: | New anthropologies of Europe
|
| Subjects: | |
| Tags: |
Add Tag
No Tags, Be the first to tag this record!
|
MARC
| LEADER | 00000nam a2200000 a 4500 | ||
|---|---|---|---|
| 001 | 1/106853 | ||
| 008 | 150610s2012####inu|||||||||||||| ||eng|| | ||
| 020 | |a 9780253223692 | ||
| 040 | |a GR-MyUa |b gre |c GR-MyUa |e AACR2 | ||
| 041 | 0 | |a eng | |
| 082 | 7 | |a 305.800943 |2 (23) | |
| 100 | 1 | |a Partridge, Damani J., |d 1973- | |
| 245 | 1 | 0 | |a Hypersexuality and headscarves : |b race, sex and citizenship in the New Germany / |c Damani J. Partridge. |
| 260 | |a Bloomington : |b Indiana University Press, |c c2012. | ||
| 300 | |a a xiv, 189 σ. ; |c 24 εκ. | ||
| 490 | 0 | |a (New anthropologies of Europe) | |
| 504 | |a Περιέχει βιβλιογραφικές αναφορές και ευρετήριο. | ||
| 650 | 0 | |a Political anthropology |z Germany. | |
| 650 | 0 | |a Race discrimination |z Germany. | |
| 650 | 0 | |a Sex discrimination |z Germany. | |
| 650 | 0 | |a Citizenship |z Germany. | |
| 830 | 0 | |a New anthropologies of Europe | |
| 852 | |a INST |b LESVOS |c BK |e 20150610 |h 305.800943 PAR |p 005100056662 |q 005100056662 |t BK |y 0 | ||
| 922 | |a 1ΕΛΗ |b 2015-04 |c Τμήμα Κοινωνικής Ανθρωπολογίας και Ιστορίας |d Διαδρομές | ||
| 970 | |a Καμάτσου |b Δέσποινα |z 10-06-2015 | ||